| 000 | 00565nam a2200205Ia 4500 | ||
|---|---|---|---|
| 999 |
_c1302 _d1302 |
||
| 003 | OSt | ||
| 005 | 20210524144141.0 | ||
| 008 | 151015s9999 xx 000 0 und d | ||
| 020 | _a9780566087981 | ||
| 040 |
_cMMU _aMMU _beng _dMMU |
||
| 050 | _aHD61.H48 2007 | ||
| 100 | _aHillson David | ||
| 245 |
_a_Understanding and Managing Risk Attitude / _c David Hillson. |
||
| 250 | _a2nd ed. | ||
| 260 |
_aUSA : _bGower Publisher; _c2007. |
||
| 500 | _aIncludes Index | ||
| 650 | _a_Managing Risk | ||
| 700 | _a^d20110208 03:42:28^okorir | ||
| 942 |
_2lcc _cLOAN LOAN |
||